Game of Thrones Killing Chain Quiz Stats

 Plays Quiz not verified by Sporcle

Score 0/6 Timer 04:00
0 Plays Today
% Correct
???
100%
???
95.8%
???
92.3%
???
86.2%
???
81.2%
???
81%

You're not logged in!

Compare scores with friends on all Sporcle quizzes.
OR
Log In

Sporcle TV

Today on Sporcle TV


Watch our educational content, quiz creation guides, and fun videos on Sporcle TV.

Show Comments

Extras

Created Aug 25, 2017ReportNominate
Tags:Clickable Quiz, Killing, throne

Top Quizzes Today


Score Distribution

Your Account Isn't Verified!

In order to create a playlist on Sporcle, you need to verify the email address you used during registration. Go to your Sporcle Settings to finish the process.

Report this User

Report this user for behavior that violates our Community Guidelines.

Details: